Normal view
MARC view
Entry Personal Name
001 - CONTROL NUMBER
- control field: 40143
003 - CONTROL NUMBER IDENTIFIER
- control field: OSt
005 - DATE AND TIME OF LATEST TRANSACTION
- control field: 20230825125815.0
008 - FIXED-LENGTH DATA ELEMENTS
- fixed length control field: 230825|| aca||aabn | a|a d
040 ## - CATALOGING SOURCE
- Original cataloging agency: OSt
- Transcribing agency: OSt
100 ## - HEADING--PERSONAL NAME
- Personal name: Bhate, Apoorva and Samuel, Mercy
670 ## - SOURCE DATA FOUND
- Source citation: Work cat.: (OSt)522556: Bhate, Apoorva and Samuel, Mercy , Affordable housing in India: A beneficiary perspective
